Documentos para la historia argentina / (Record no. 115590)

MARC details
000 -LEADER
campo de control de longitud fija 02062nam a2200241 i 4500
001 - NÚMERO DE CONTROL
campo de control 115590
003 - IDENTIFICADOR DE NÚMERO DE CONTROL
campo de control ES-MaACL
005 - FECHA Y HORA DE LA ÚLTIMA TRANSACCIÓN
campo de control 20230906190514.0
007 - CAMPO FIJO DE DESCRIPCIÓN FÍSICA--INFORMACIÓN GENERAL
campo de control de longitud fija t|
008 - DATOS DE LONGITUD FIJA--INFORMACIÓN GENERAL
campo de control de longitud fija 070320m19141921ag ||||1| spa d
245 00 - MENCIÓN DEL TÍTULO
Título Documentos para la historia argentina /
Mención de responsabilidad, etc. [Enrique del Valle Iberlucea, Miguel de Lastarría ... et al.].
260 ## - PUBLICACIÓN, DISTRIBUCIÓN, ETC.
Lugar de publicación, distribución, etc. Buenos Aires :
Nombre del editor, distribuidor, etc. Facultad de Filosofía y Letras, Instituto de Investigaciones Históricas,
Fecha de publicación, distribución, etc. 1914-1921.
300 ## - DESCRIPCIÓN FÍSICA
Extensión 15 v. ;
Dimensiones 27 cm.
490 1# - MENCIÓN DE SERIE
Mención de serie Documentos para la historia de Argentina
505 8# - NOTA DE CONTENIDO CON FORMATO
Nota de contenido con formato Contiene: 1. Real Hacienda (1776-1780) - 2. Real Hacienda (1774-1780) - 3. Colonias orientales del Río Paraguay o de la Plata - 4. Abastos de la ciudad y campaña de Buenos Aires (1773-1809) - 5. Comercio de Indias. Antecedentes legales (1713-1778) - 6. Comercio de Indias. Comercio libre (1778-1791) - 7. Comercio de Indias. Consulado, comercio de negros y de extranjeros (1791-1809) - 8. Sesiones de la Junta Electoral de Buenos Aires (1815-1820) - 9. Administración edilicia de la ciudad de Buenos Aires (1776-1805) - 11. Territorio y población. Padrón de la ciudad de Buenos Aires (1778) - 12. Territorio y población. Padrón de la campaña de Buenos Aires (1778). Padrones complementarios de la ciudad de Buenos Aires (1806, 1807, 1809 y 1810). Censo de la ciudad y campaña de Montevideo (1780) - 13. Comunicaciones oficiales y confidenciales de Gobierno (1820-1823) - 14. Correspondencias generales de la Provincia de Buenos Aires relativas a relaciones exteriores (1820-1824) - 20. Antecedentes de la Revolución de mayo. Un Virrey. 1808, mayo-julio - 21. Actas de la Comisión creada por el soberano Congreso de Tucumán
651 #4 - PUNTO DE ACCESO ADICIONAL DE MATERIA--NOMBRE GEOGRÁFICO
Nombre geográfico Argentina-
Subdivisión general Historia-
Subdivisión de forma Fuentes.
9 (RLIN) 7810
700 1# - ENTRADA AGREGADA--NOMBRE PERSONAL
Nombre de persona Valle Iberlucea, Enrique del.
9 (RLIN) 112793
700 1# - ENTRADA AGREGADA--NOMBRE PERSONAL
Nombre de persona Lastarría, Miguel de.
9 (RLIN) 138469
710 2# - ENTRADA AGREGADA--NOMBRE DE ENTIDAD CORPORATIVA
Nombre de entidad corporativa o nombre de jurisdicción como elemento de entrada Universidad de Buenos Aires.
Unidad subordinada Instituto de Investigaciones Históricas.
9 (RLIN) 162617
830 1# - PUNTO DE ACCESO ADICIONAL DE SERIE-TÍTULO UNIFORME
Título uniforme Documentos para la historia de Argentina
9 (RLIN) 233268
852 ## - LOCALIZACIÓN
Ubicación ES-MaACL
Número de control de estantería C-6675-89
Holdings
Estatus retirado Estado de pérdida Estado de daño No para préstamo Biblioteca de origen Biblioteca actual Ubicación en estantería Fecha de adquisición Fuente de adquisición Total de préstamos Signatura topográfica completa Código de barras Visto por última vez Precio de reemplazo Tipo de ítem Koha
        Biblioteca del Ateneo de Madrid Biblioteca del Ateneo de Madrid Sala Palomar 17/01/2008     C-6675-89 1120542 23/02/2023 23/02/2023 Libro impreso